000 00888nam a2200289 a 4500
008 030311s1988slocxo r 0 slo c
020 _a8088834597
_c28
040 _aSNK
_bslo
_cSNK
_eAACR2
041 1 _aslo
_hhun
044 _axo
_cSK
072 7 _a821.51
_2SNK
080 _a821.511.141-2
080 _a821.511.141-2
100 1 _aMadách, Imre
_d1823-1864
_4aut
245 1 0 _aTragédia človeka
_b1862
_cImre Madách ; [preložil: Ctibor Štítnický]
250 _a[1. vyd.]
260 _aBratislava
_bTatran
_c1988
300 _a129 s.
_c21 cm
490 1 _aPopulart. Romantická dráma
490 1 _aŠtudentská knižnica
_v60.
650 0 7 _ahry divadelné maďarské
_2SNK
650 0 7 _aUralskoaltajské literatúry
_2SNK
700 1 _aŠtítnický, Ctibor
_d1922-2002
_4trl
760 0 _tPopulart. Romantická dráma
760 0 _tŠtudentská knižnica
958 _aAUL
999 _c12204
_d12204